000 01015nam a22003137a 4500
003 CHAP
005 20220329133241.0
008 971013s r 00010 d
010 _a3925
011 _a4897
035 _a4101
040 _cCHAP
082 _a330.72
_bU5
110 _aUniversidad Juárez Autónoma de Tabasco. División Académica de Ciencias Económico Administrativas
_9116476
245 _aResultados de investigación
260 _aVillahermosa, Tab. :
_bLa Universidad,
_c198-
300 _av
500 _aD52-1
500 _aLa biblioteca tiene: 1988
590 _aBATCH-UPD
_b10
_c20130110
_lUCH01
_h1146
590 _aBATCH-UPD
_b10
_c20130410
_lUCH01
_h0731
590 _aBATCH-UPD
_b10
_c20130913
_lUCH01
_h1940
590 _aCONVERSION
_b10
_c20130109
_lUCH01
_h1303
650 1 4 _aAdministración de empresas.
_9922
650 1 4 _aEconomía
_xInvestigación.
_935247
901 _aBK
942 _cLIBRO
949 _a330.72 U5
_bBC
_cLIBRO
_d33724000318598
_eLIBRO
_f1988
_h80265
_i4101
_mD
_si
999 _c3925
_d3925